000 00706nam a22002177a 4500
999 _c159288
_d159288
005 20181212155147.0
008 181212b ||||| |||| 00| 0 eng d
010 _aB-223083
020 _a8178122510
_c105.00
035 _aB-223083
037 _bBPPD/PUB
040 _aDPL
_bEnglish
082 _a000
100 _aSingh, Manoj Kumar
245 _aR.Gupta's popular master mental ability test /
_cManoj Kumar Singh
260 _aNew Delhi
_bRamesh Publishing House
270 _a12-H, New Daryaganj Road, Opp. Traffic Kotwali
_bNew Delhi
_e110002
300 _a258 p.
_c25 cm (pbk)
_bill.
650 _aSSC Data Entry Operator Recruitment exam
942 _2ddc
_cEN
_mMAN
_h000